[Event "33. Potsdamer Weihnachtsturnier"]
[Site "Potsdam"]
[Date "2008.12.29"]
[Round "5.1"]
[White "Mueller, Hans Georg"]
[Black "Reichenbach, Werner"]
[Result "1/2-1/2"]
[WhiteElo "2261"]
[BlackElo "2285"]

1. e4 e5 2. Nf3 Nc6 3. Bb5 Nf6 4. O-O Nxe4 5. d4 Nd6 6. Bxc6 dxc6 7. dxe5 Nf5
8. Qxd8+ Kxd8 9. Nc3 Ke8 10. b3 h6 11. h3 Be7 12. Bb2 Bd7 13. Rad1 Rd8 14. Ne4
Be6 15. c4 b6 16. g4 Nh4 17. Nd4 h5 18. Nxc6 Rxd1 19. Rxd1 Bd7 20. Nxe7 Kxe7
21. e6 Kxe6 22. Ng5+ Ke7 23. Nxf7 Rf8 24. Ne5 Nf3+ 25. Kg2 Nxe5 26. Bxe5 hxg4
27. hxg4 Bxg4 28. Rd2 Rd8 1/2-1/2

[Event "33. Potsdamer Weihnachtsturnier"]
[Site "Potsdam"]
[Date "2008.12.29"]
[Round "5.2"]
[White "Bruedigam, Martin"]
[Black "Bundrock, Thomas"]
[Result "1-0"]
[WhiteElo "2227"]
[BlackElo "2150"]

1. d4 Nf6 2. c4 e6 3. Nc3 Bb4 4. Qc2 c5 5. dxc5 Bxc5 6. Nf3 b6 7. Bg5 Bb7
8. e3 h6 9. Bh4 Be7 10. Bg3 O-O 11. Be2 d5 12. O-O Qc8 13. Rac1 dxc4 14. Ne5
Nbd7 15. Nxc4 Nc5 16. Bd6 Bxd6 17. Nxd6 Qd7 18. Nxb7 Nxb7 19. Rfd1 Qe7 20. Nb5
Nc5 21. a3 Nd5 22. Bf3 Qd7 23. Nc3 Rac8 24. e4 1-0

[Event "33. Potsdamer Weihnachtsturnier"]
[Site "Potsdam"]
[Date "2008.12.29"]
[Round "5.3"]
[White "Gerlach, Ronny"]
[Black "Gebigke, Martin"]
[Result "1/2-1/2"]
[WhiteElo "1862"]
[BlackElo "2165"]

1. d4 Nf6 2. c4 e6 3. Nf3 b6 4. g3 Ba6 5. Qa4 Bb7 6. Bg2 c5 7. O-O cxd4
8. Nxd4 Bxg2 9. Kxg2 Bc5 10. Nb5 O-O 11. b4 Be7 12. Bb2 Qc8 13. Qb3 a6 14. Nd4
Nc6 15. a3 Qc7 16. Nd2 d5 17. cxd5 Nxd4 18. Bxd4 Nxd5 19. e4 Nf6 20. Qb2 Rfd8
21. f3 Qd7 22. Nb3 Qb5 23. Bf2 Rd3 24. Rfd1 Rxd1 25. Rxd1 a5 26. Nd4 Qa4
27. Rb1 axb4 28. axb4 Nd7 29. Qb3 Qxb3 30. Rxb3 Ra2 31. Nc6 Kf8 32. Rd3 Ke8
33. f4 Rc2 34. Nxe7 Kxe7 35. Kf3 Rb2 36. Rd4 e5 37. Rc4 Rb3+ 38. Kg2 b5
39. Bc5+ Kf6 40. Rc2 g6 41. Bd6 exf4 42. gxf4 Rd3 43. e5+ Ke6 44. Rc6 Kd5
45. Rc7 Ke6 46. Rb7 f6 47. Rxb5 fxe5 48. fxe5 g5 49. Ra5 Rb3 50. Ra8 Nxe5
51. Bxe5 Kxe5 52. Rh8 Rxb4 53. Rxh7 Kf5 54. Rf7+ Ke5 55. Rf2 Rg4+ 56. Kh3 Ra4
57. Kg3 Rb4 58. h3 Ra4 59. Rf3 Rb4 60. Rf1 Ra4 61. Rf3 1/2-1/2

[Event "33. Potsdamer Weihnachtsturnier"]
[Site "Potsdam"]
[Date "2008.12.29"]
[Round "5.4"]
[White "Rietze, Clemens"]
[Black "Schmidt, Joerg, Prof. Dr."]
[Result "1-0"]
[WhiteElo "2155"]
[BlackElo "2122"]

1. d4 Nf6 2. c4 c5 3. Nf3 g6 4. Nc3 cxd4 5. Nxd4 Nc6 6. g3 d6 7. Bg2 Bd7
8. O-O Bg7 9. Nc2 Qc8 10. Bf4 Bh3 11. Rc1 h5 12. Nb5 Bxg2 13. Kxg2 Ne5 14. Ne3
h4 15. Rh1 Qc6+ 16. f3 h3+ 17. Kf2 a6 18. Qa4 O-O 19. Nc3 Qb6 20. Qb3 Qxb3
21. axb3 Nc6 22. Rhd1 e5 23. Bg5 Nh7 24. f4 f6 25. Bh4 g5 26. Nf5 gxh4 27. Nxd6
Rab8 28. gxh4 Bh6 29. Nf5 Bxf4 30. e3 Bg5 31. hxg5 Nxg5 32. Rd7 Nb4 33. Rcd1
Kh8 34. R1d6 Rf7 35. Rxf7 Nxf7 36. Rxf6 Kg8 37. Ne4 Rd8 38. Rg6+ Kf8 39. Nf6
Rd2+ 40. Ke1 Rg2 41. Rxg2 hxg2 42. Kf2 b5 43. Kxg2 Nd3 44. h4 bxc4 45. bxc4
Nxb2 46. c5 Nc4 47. Kf3 a5 48. c6 a4 49. c7 Ncd6 50. Nxd6 Nxd6 51. Ne4 Nc8
52. Nc3 a3 53. Ke4 Ke7 54. Kxe5 Kd7 55. h5 Ne7 56. h6 Ng6+ 57. Kf6 Nf8 58. Kf7
Nh7 59. Kg7 Ng5 60. h7 Nxh7 61. Kxh7 1-0

[Event "33. Potsdamer Weihnachtsturnier"]
[Site "Potsdam"]
[Date "2008.12.29"]
[Round "5.6"]
[White "Mantau, Jan"]
[Black "Koetz, Andreas"]
[Result "1/2-1/2"]
[WhiteElo "2234"]
[BlackElo "2046"]

1. e4 c5 2. d4 cxd4 3. c3 dxc3 4. Nxc3 Nc6 5. Nf3 d6 6. Bc4 e6 7. Bf4 a6 8. a4
Be7 9. O-O Nf6 10. Qd2 O-O 11. Rfd1 Ne5 12. Nxe5 dxe5 13. Bxe5 Qxd2 14. Rxd2 b6
15. Bc7 Bc5 16. e5 Ne8 17. Bd8 Nd6 18. exd6 Rxd8 19. Rad1 Bd7 20. b3 Bc6
21. Be2 1/2-1/2

[Event "33. Potsdamer Weihnachtsturnier"]
[Site "Potsdam"]
[Date "2008.12.29"]
[Round "5.7"]
[White "Schirrmacher, Carsten"]
[Black "Hein, Carsten"]
[Result "1-0"]
[WhiteElo "2026"]
[BlackElo "2154"]

1. d4 c5 2. e3 Nf6 3. Nf3 e6 4. c4 Be7 5. Nc3 a6 6. a3 b6 7. Be2 Bb7 8. O-O d6
9. b4 Nbd7 10. Rb1 cxb4 11. axb4 O-O 12. Ba3 Qc7 13. Nd2 e5 14. Qb3 Rab8
15. Rfc1 Qd8 16. Bf3 Bc8 17. b5 a5 18. Bc6 Kh8 19. Nf3 exd4 20. exd4 Ng8
21. Nd5 Ndf6 22. Nxe7 Nxe7 23. Re1 Qc7 24. c5 bxc5 25. dxc5 Nxc6 26. cxd6 Qd8
27. bxc6 Rxb3 28. Rxb3 Be6 29. Rbb1 Re8 30. Ng5 h6 31. Nxe6 fxe6 32. d7 Nxd7
33. Red1 Qc7 34. cxd7 Rd8 35. Rbc1 Qb7 36. Rb1 Qa7 37. Rdc1 Rxd7 38. h3 Kh7
39. Bc5 Qa6 40. Rb6 Qd3 41. Rxe6 a4 42. Re3 Qd2 1-0

[Event "33. Potsdamer Weihnachtsturnier"]
[Site "Potsdam"]
[Date "2008.12.29"]
[Round "5.8"]
[White "Cusnariov, Nicolai"]
[Black "Witt, Ronald"]
[Result "1/2-1/2"]
[WhiteElo "2153"]
[BlackElo "2076"]

1. Nf3 Nf6 2. g3 b6 3. Bg2 Bb7 4. c4 e6 5. O-O Be7 6. d4 O-O 7. Nc3 d5 8. cxd5
exd5 9. Bf4 c6 10. Re1 Nbd7 11. Ne5 Nxe5 12. Bxe5 Nd7 13. Bf4 f5 14. Qb3 Kh8
15. f3 Bg5 16. Bxg5 Qxg5 17. f4 Qg6 18. Nd1 Rae8 19. Nf2 Rf6 20. Nd3 Rfe6
21. Ne5 Nxe5 22. dxe5 Qf7 23. Red1 R6e7 24. Rd2 Rc7 25. Rad1 Bc8 26. a3 Be6
27. Qa4 Rd8 28. e4 fxe4 29. Qxe4 Rcd7 30. Qf3 c5 31. f5 Qxf5 32. Qxf5 Bxf5
33. Rxd5 Kg8 34. Rxd7 Rxd7 35. Rxd7 Bxd7 36. Bd5+ 1/2-1/2

[Event "33. Potsdamer Weihnachtsturnier"]
[Site "Potsdam"]
[Date "2008.12.29"]
[Round "5.9"]
[White "Peschke, Uwe"]
[Black "Bach, Ulf-Gunter"]
[Result "1/2-1/2"]
[WhiteElo "2124"]
[BlackElo "2022"]

1. Nf3 d5 2. g3 Bg4 3. Bg2 e6 4. d3 c6 5. O-O f5 6. c4 Nf6 7. cxd5 exd5 8. Qb3
Qb6 9. h3 Bxf3 10. Qxb6 axb6 11. Bxf3 Bc5 12. Nd2 O-O 13. Nb3 Bd6 14. Nd4 g6
15. Bd2 Nbd7 16. a4 Ra6 17. b4 Be5 18. Bc3 Bxd4 19. Bxd4 Rfa8 20. g4 Rxa4
21. Rab1 b5 22. gxf5 gxf5 23. Kh2 1/2-1/2

[Event "33. Potsdamer Weihnachtsturnier"]
[Site "Potsdam"]
[Date "2008.12.29"]
[Round "5.10"]
[White "Zschaebitz, Klaus"]
[Black "Lehmann, Stefan"]
[Result "0-1"]
[WhiteElo "2114"]
[BlackElo "1764"]

1. d4 Nf6 2. Nf3 d5 3. c4 c6 4. Nc3 g6 5. e3 Bg7 6. Be2 O-O 7. O-O dxc4
8. Bxc4 e6 9. Qc2 Nbd7 10. e4 Re8 11. Rd1 Nb6 12. Bb3 Qe7 13. Bf4 Bd7 14. a4
Rac8 15. a5 Na8 16. Na4 b6 17. Qd3 Red8 18. Nc3 b5 19. e5 Nd5 20. Bg5 Qb4
21. Bxd5 exd5 22. Bxd8 Rxd8 23. Qd2 Bf8 24. Ne2 Qe7 25. Ne1 Nc7 26. Nd3 Ne6
27. Qc3 b4 28. Qe1 Rb8 29. b3 Qd8 30. Ndf4 Rb5 31. Nxe6 Bxe6 32. Nf4 Bf5
33. Nd3 Qh4 34. f4 Qd8 35. Qd2 Rxa5 36. Rxa5 Qxa5 37. Qb2 Qb5 38. Nf2 c5 39. g4
Be6 40. Kg2 c4 41. Kf3 a5 42. Ra1 Be7 43. Qc2 Bd7 44. f5 cxb3 45. Qxb3 a4
46. Qd3 b3 47. e6 Qxd3+ 48. Nxd3 Bb5 49. f6 Bxf6 50. Nb2 Bxd4 51. Rxa4 Bxa4
52. Nxa4 fxe6 0-1

[Event "33. Potsdamer Weihnachtsturnier"]
[Site "Potsdam"]
[Date "2008.12.29"]
[Round "5.11"]
[White "Doehn, Raphael"]
[Black "Bachran, Boris"]
[Result "1-0"]
[WhiteElo "2077"]
[BlackElo "1960"]

1. e4 e6 2. d4 f5 3. Nc3 fxe4 4. Nxe4 Nf6 5. Bg5 Be7 6. Bxf6 Bxf6 7. Qh5+ g6
8. Qh6 Qe7 9. Nxf6+ Qxf6 10. Nf3 Qf8 11. Qd2 Qe7 12. Bd3 b6 13. O-O-O Bb7
14. Ne5 Qf6 15. Ng4 Qg7 16. f3 Na6 17. Qg5 Qe7 18. Nf6+ Kd8 19. a3 c6 20. h4
Nc7 21. h5 Nd5 22. Ne4 gxh5 23. Qe5 Rg8 24. Nd6 Bc8 25. Rxh5 Nf6 26. Rh6 Ne8
27. Nxe8 Qxe8 28. Rd2 Qf8 29. Rxh7 d6 30. Qh5 Qf6 31. Rf7 Qg5 32. Qh7 a6 33. g4
a5 34. Qh5 Qxh5 35. gxh5 Rh8 36. Rg2 Bd7 37. Rgg7 Be8 38. Rh7 Bxf7 39. Rxh8+
Be8 40. Bg6 Ke7 41. Kd2 Rc8 42. Rxe8+ Rxe8 43. Bxe8 Kxe8 44. Ke3 Ke7 45. Kf4
Kf6 46. h6 e5+ 47. dxe5+ Kg6 48. e6 1-0

[Event "33. Potsdamer Weihnachtsturnier"]
[Site "Potsdam"]
[Date "2008.12.29"]
[Round "5.12"]
[White "Krusemark, Gerhard"]
[Black "Schrodt, Sebastian"]
[Result "0-1"]
[WhiteElo "1895"]
[BlackElo "2077"]

1. e4 e5 2. Nf3 d6 3. d4 exd4 4. c3 dxc3 5. Nxc3 Be7 6. Bc4 Nf6 7. h3 c6
8. Bb3 O-O 9. O-O Nbd7 10. Re1 Qc7 11. Bf4 Ne5 12. Nd4 Re8 13. Rc1 a6 14. Nd5
Nxd5 15. Bxd5 Bf8 16. b4 Qe7 17. Bb3 Be6 18. Nf5 Bxf5 19. exf5 Qf6 20. g4 d5
21. Bc2 Bxb4 22. g5 Qd6 23. Re3 Bc5 24. Rg3 Bxf2+ 25. Kxf2 Nd3+ 26. Bxd3 Qxf4+
27. Kg2 Re3 28. Rxe3 Qxe3 29. h4 Re8 30. Rc2 Qf4 31. Kh1 Qxh4+ 0-1

[Event "33. Potsdamer Weihnachtsturnier"]
[Site "Potsdam"]
[Date "2008.12.29"]
[Round "5.13"]
[White "Fuchs, Raimond"]
[Black "Bachmann, Volker"]
[Result "1-0"]
[WhiteElo "1914"]
[BlackElo "2083"]

1. e4 e6 2. d4 d5 3. Bd3 dxe4 4. Bxe4 Nf6 5. Bf3 c5 6. c3 Nc6 7. Ne2 cxd4
8. cxd4 Be7 9. O-O O-O 10. Nbc3 Bd7 11. Be3 Rc8 12. Rc1 Na5 13. Nf4 b6 14. Qe2
Nc4 15. Nd3 Bc6 16. Bxc6 Rxc6 17. b3 Nxe3 18. fxe3 Ba3 19. Ne5 Rc7 20. Rc2 Qc8
21. Nc4 Bb4 22. Nb5 Re7 23. Ne5 Qa6 24. Nc6 Ba3 25. Nxa3 Qxa3 26. Nxe7+ Qxe7
27. Rfc1 g6 28. Rc7 Qa3 29. e4 Qd6 30. Qd3 Qf4 31. Qf3 Qg5 32. Rf1 1-0

[Event "33. Potsdamer Weihnachtsturnier"]
[Site "Potsdam"]
[Date "2008.12.29"]
[Round "5.14"]
[White "Schlueter, Bernd"]
[Black "Mueller, Denis"]
[Result "1/2-1/2"]
[WhiteElo "2076"]
[BlackElo "1927"]

1. d4 Nf6 2. Nf3 g6 3. c4 Bg7 4. Nc3 O-O 5. e4 d6 6. Be2 e5 7. O-O Nc6 8. d5
Ne7 9. Nd2 a5 10. b3 Nd7 11. Ba3 f5 12. b4 Nf6 13. bxa5 c5 14. dxc6 bxc6
15. Nb3 Ne8 16. c5 d5 17. exd5 Nxd5 18. Na4 Nef6 19. Bc4 Be6 20. Qc2 f4
21. Rfd1 f3 22. g3 Bh3 23. Nb6 Bg2 24. Rxd5 cxd5 25. Rd1 Kh8 26. Bxd5 Nxd5
27. Rxd5 Qg5 28. Nxa8 Qg4 29. c6 Qh3 30. Qd1 Bh1 31. Qf1 Bg2 32. Qe1 1/2-1/2

[Event "33. Potsdamer Weihnachtsturnier"]
[Site "Potsdam"]
[Date "2008.12.29"]
[Round "5.15"]
[White "Schaarschmidt, Kay"]
[Black "Thiele, Jan"]
[Result "0-1"]
[WhiteElo "1942"]
[BlackElo "2039"]

1. e4 d5 2. Nc3 d4 3. Nce2 e5 4. d3 Be6 5. f4 f6 6. Nf3 Nd7 7. c3 c5 8. Qa4
Bd6 9. g3 Ne7 10. Bg2 O-O 11. f5 Bf7 12. O-O Nc6 13. g4 Be7 14. h4 dxc3
15. bxc3 Nb6 16. Qc2 Qd7 17. Be3 Rac8 18. Rad1 Rfd8 19. Ng3 Nd4 20. Bxd4 cxd4
21. c4 Na4 22. Qf2 Nc3 23. Rd2 b5 24. cxb5 Nxb5 25. g5 Rc7 26. g6 Be8 27. gxh7+
Kxh7 28. h5 Rdc8 29. Nh4 Na3 30. Qf3 Rc2 31. Rdf2 Rxf2 32. Rxf2 Rc2 33. Ng6 Bb4
34. h6 Rxf2 35. Qxf2 Qc6 36. hxg7 Qc1+ 37. Bf1 Bxg6 38. Qh2+ Kxg7 39. fxg6 Qe3+
40. Kg2 Qd2+ 41. Be2 Kxg6 42. Qh5+ Kg7 43. Qe8 Qg5 44. Qd7+ Kh6 45. Kh3 Qe3
46. Qf7 Be1 47. Qxf6+ Kh7 48. Qf7+ Kh8 49. Qh5+ Kg8 50. Bf3 Bxg3 51. Qg4+ Kf7
52. Qxg3 Qh6+ 53. Kg2 Qg6 54. Bg4 Qg5 55. Kf2 Kf6 56. Qf3+ Qf4 57. Bd7 Kg5
58. Ba4 Nb1 59. Qxf4+ Kxf4 60. Bb3 Nd2 0-1

[Event "33. Potsdamer Weihnachtsturnier"]
[Site "Potsdam"]
[Date "2008.12.29"]
[Round "5.16"]
[White "Scholz, Robert"]
[Black "Bernhoeft, Erhard"]
[Result "0-1"]
[WhiteElo "1906"]
[BlackElo "2037"]

1. c4 g6 2. g3 Bg7 3. Bg2 Nc6 4. Nc3 d6 5. Nf3 e5 6. d3 Nge7 7. O-O O-O 8. Rb1
f5 9. Bd2 a5 10. a3 f4 11. b4 Nf5 12. e3 g5 13. b5 Nb8 14. Ne1 g4 15. exf4 exf4
16. Bd5+ Kh8 17. gxf4 c6 18. Be4 Nd4 19. Nc2 Nxc2 20. Qxc2 Be6 21. Bg2 d5
22. cxd5 cxd5 23. Rfe1 Rf6 24. Rxe6 Rxe6 25. Bxd5 Rh6 26. f5 Rh3 27. Bf4 Qc8
28. Rc1 Qxf5 29. Bg3 Nd7 30. Bxb7 Rf8 31. Be4 Qc5 32. a4 Rc8 33. Bc6 Ne5
34. Ne2 Nf3+ 35. Kf1 Qb4 36. Rd1 Nxh2+ 37. Kg2 Nf3 38. Qc4 Ne1+ 39. Kf1 Nf3
40. Qxb4 axb4 41. Ng1 Rh1 42. Kg2 Rxg1+ 43. Rxg1 Nxg1 44. Kxg1 b3 45. Bd5 b2
46. Ba2 b1=Q+ 47. Bxb1 Rc1+ 48. Kg2 Rxb1 49. Bc7 Bd4 50. Kg3 h5 51. f4 gxf3
52. Kxf3 Rb4 53. Kg3 Kh7 0-1

[Event "33. Potsdamer Weihnachtsturnier"]
[Site "Potsdam"]
[Date "2008.12.29"]
[Round "5.17"]
[White "Nuenchert, Reinhard"]
[Black "Voelz, Stephan"]
[Result "1/2-1/2"]
[WhiteElo "1890"]
[BlackElo "2010"]

1. d4 Nf6 2. c4 e5 3. dxe5 Ng4 4. e4 Nxe5 5. f4 Bb4+ 6. Nc3 Nec6 7. Nf3 O-O
8. Bd3 d6 9. O-O Bc5+ 10. Kh1 a5 11. h3 f6 12. Nd5 Be6 13. Bd2 Nd7 14. b3 Nd4
1/2-1/2

[Event "33. Potsdamer Weihnachtsturnier"]
[Site "Potsdam"]
[Date "2008.12.29"]
[Round "5.18"]
[White "Semmler, Reinhardt"]
[Black "Reinke, Martin"]
[Result "1/2-1/2"]
[WhiteElo "2008"]
[BlackElo "1886"]

1. b4 d5 2. Bb2 Nf6 3. e3 e6 4. b5 c5 5. c4 b6 6. Nf3 Bb7 7. d3 Nbd7 8. Nbd2
Be7 9. Be2 Qc7 10. Qc2 a6 11. a4 axb5 12. axb5 Rxa1+ 13. Bxa1 O-O 14. O-O
1/2-1/2

[Event "33. Potsdamer Weihnachtsturnier"]
[Site "Potsdam"]
[Date "2008.12.29"]
[Round "5.19"]
[White "Brinckmann, Dieter"]
[Black "Zimmermann, René"]
[Result "0-1"]
[WhiteElo "1846"]
[BlackElo "2007"]

1. d4 d5 2. c4 e6 3. Nc3 c6 4. e3 Bd6 5. Nf3 f5 6. Be2 Nf6 7. Nd2 O-O 8. O-O
Qc7 9. f4 b6 10. a3 a6 11. b4 c5 12. dxc5 bxc5 13. bxc5 (13. cxd5 cxb4 14. Na4
Nxd5 15. Nc4 Bd7 16. Nxd6 Qxd6 17. axb4 Bxa4 18. Rxa4 Qb6 19. Qb3 Nc6 20. Bd2
Nd4 21. Qc4 Nxe2+ 22. Qxe2 Rfd8 23. g3 Qb5 24. Qxb5 axb5 25. Rxa8 Rxa8 26. Rc1
Ra2 27. Be1 Re2 28. Bc3 Rxe3 29. Be5 Re4 30. Rc8+ Kf7 31. Rb8 g5 32. Rb7+ Ke8
33. Rxb5 gxf4 34. gxf4 Nxf4 35. Rb8+ Kf7 36. Rb7+ Kg6 37. Rg7+ Kh6 38. Rg3 Nd5
39. Rh3+ Kg5 40. Rg3+ Kh5 41. Rh3+ Kg4 42. Rxh7 Kf3 43. Rh3+ Ke2 44. Rh6 Ne3
45. Rh3 Rxb4 46. Rxe3+ Kxe3 47. Kg2 Rg4+ 48. Kh3 Rg8) 0-1

[Event "33. Potsdamer Weihnachtsturnier"]
[Site "Potsdam"]
[Date "2008.12.29"]
[Round "5.20"]
[White "Bindig, Markus"]
[Black "Hahn, Thomas"]
[Result "1-0"]
[WhiteElo "1996"]
[BlackElo "1781"]

1. e4 d5 2. exd5 Qxd5 3. Nc3 Qa5 4. Bc4 Nf6 5. Nf3 Bf5 6. d4 c6 7. O-O e6
8. Qe2 Nbd7 9. Re1 O-O-O 10. Bf4 Nb6 11. Bb3 Nbd5 12. Bd2 Qc7 13. Nxd5 Nxd5
14. Bxd5 exd5 15. c4 dxc4 16. Qxc4 Be6 17. Qa4 Qb6 18. Rac1 Bd5 19. Ne5 f6
20. Nc4 Qa6 21. Qxa6 bxa6 22. Ba5 Rd7 23. Re8+ Kb7 24. Bb4 Bxb4 25. Rxh8 Re7
26. Ne3 Bxa2 27. Rxh7 Bd2 28. Rf1 Bxe3 29. fxe3 Rxe3 30. Rxg7+ Kb6 31. Kf2 Re6
32. h4 Re4 33. g3 Bd5 34. h5 Re8 35. Re1 Rh8 36. g4 f5 37. Kg3 fxg4 38. Kxg4
Be6+ 39. Rxe6 1-0

[Event "33. Potsdamer Weihnachtsturnier"]
[Site "Potsdam"]
[Date "2008.12.29"]
[Round "5.21"]
[White "Richter, Hans-Peter"]
[Black "Petrak, Falk"]
[Result "1-0"]
[WhiteElo "1959"]
[BlackElo "1728"]

1. d4 e6 2. c4 Nf6 3. Nc3 Bb4 4. Nf3 c5 5. a3 Bxc3+ 6. bxc3 d5 7. e3 O-O
8. Bd3 Nc6 9. O-O b6 10. Qc2 Ba6 11. cxd5 Bxd3 12. Qxd3 c4 13. Qxc4 Na5 14. Qd3
exd5 15. Nd2 Rc8 16. Bb2 Re8 17. f3 Nc4 18. Nxc4 Rxc4 19. e4 Qc7 20. e5 Nd7
21. f4 b5 22. Rf3 Nb6 23. Re1 Na4 24. Ba1 Qe7 25. Qb1 a6 26. Qb3 Rec8 27. Ree3
Nb6 28. Re2 Ra4 29. Ra2 Nc4 30. Bb2 Qh4 31. Bc1 Qe1+ 32. Rf1 Qe4 33. Raf2 Na5
34. Qb2 Rac4 35. Rf3 R8c6 36. h3 Qf5 37. g4 Qc8 38. Bd2 Ra4 39. Qa2 Nc4 40. Bc1
Qf8 41. f5 Qc8 42. f6 g6 43. Rg3 Nb6 44. Qb3 Rac4 45. Bd2 Nd7 46. h4 Nf8
47. Qd1 Ne6 48. g5 Rc7 49. h5 Qf8 50. Qf3 Rd7 51. Rh3 Rcc7 52. Bc1 Qc8 53. Bd2
Qf8 54. Qg4 Rc6 55. Rhf3 Qc8 56. hxg6 fxg6 57. f7+ Kf8 58. Rf6 Ng7 59. c4 bxc4
1-0

[Event "33. Potsdamer Weihnachtsturnier"]
[Site "Potsdam"]
[Date "2008.12.29"]
[Round "5.23"]
[White "Goepel, Martin"]
[Black "Rackowiak, Hans"]
[Result "1-0"]
[WhiteElo "1803"]
[BlackElo "1998"]

1. d4 Nf6 2. c4 g6 3. Nc3 d5 4. cxd5 Nxd5 5. e4 Nxc3 6. bxc3 Bg7 7. Nf3 c5
8. Bb5+ Bd7 9. Bxd7+ Qxd7 10. O-O O-O 11. Be3 cxd4 12. cxd4 e6 13. Qb3 Nc6
14. Rfd1 Na5 15. Qb4 b6 16. Rac1 Rac8 17. h3 Rfd8 18. Rxc8 Rxc8 19. d5 Rc4
20. Qb1 exd5 21. Rxd5 Qe7 22. Qd3 h6 23. Rd8+ Kh7 24. Rd7 Qxe4 25. Qxe4 Rxe4
26. Rxa7 Nc4 27. Nd2 Nxd2 28. Bxd2 Rd4 29. Be3 Rd1+ 30. Kh2 g5 31. Rxf7 Kg6
32. Rb7 Be5+ 33. g3 Ra1 34. Rxb6+ Kh7 35. Ra6 Bc3 36. a4 Ra2 37. Bb6 Be1
38. Kg2 Bc3 39. a5 Ra3 40. Ra8 Rb3 41. Be3 Rb4 42. a6 Bd4 43. a7 Bxe3 44. Rh8+
1-0

[Event "33. Potsdamer Weihnachtsturnier"]
[Site "Potsdam"]
[Date "2008.12.29"]
[Round "5.24"]
[White "Welz, Peter, Dr."]
[Black "Kliem, Helmut, Dr."]
[Result "1-0"]
[WhiteElo "2205"]
[BlackElo "1807"]

1. e4 c5 2. Nc3 e6 3. g3 Nc6 4. Bg2 Rb8 5. f4 b5 6. Nf3 Nd4 7. d3 Ne7 8. Nxd4
cxd4 9. Ne2 Nc6 10. O-O Bc5 11. Kh1 O-O 12. f5 f6 13. g4 e5 14. Ng3 Bb7 15. h4
Ne7 16. g5 d5 17. h5 dxe4 18. dxe4 Nc6 19. g6 h6 20. Bd2 Bb4 21. c3 dxc3
22. bxc3 Bc5 23. Qc1 Qd7 24. Bxh6 gxh6 25. Qxh6 Rbd8 26. Rad1 Qe7 27. Rd5 Bb6
28. Qd2 Na5 29. h6 Bxd5 30. exd5 Nc4 31. h7+ Kh8 32. Qh6 Be3 33. Qh3 Rd7
34. Nh5 Bh6 35. Nxf6 Rxf6 36. Qxh6 Qf8 37. Qxf8+ Rxf8 38. f6 Rxh7+ 39. gxh7
Kxh7 40. Be4+ Kh6 41. Bd3 Ne3 42. Re1 Nxd5 43. c4 Nf4 44. Bf1 bxc4 45. Bxc4
Rxf6 46. Rxe5 Rc6 47. Bb3 Rc7 48. Kg1 Rc1+ 49. Kh2 Rc7 50. Kg3 Nd3 51. Ra5 Re7
52. Kg4 Kg7 53. Kf5 Nb4 54. Rc5 Nd3 55. Rd5 Nb4 56. Rd4 Nc6 57. Rg4+ Kh7
58. Kf6 Kh8 59. Bd5 1-0

[Event "33. Potsdamer Weihnachtsturnier"]
[Site "Potsdam"]
[Date "2008.12.29"]
[Round "5.25"]
[White "Platzek, Janine"]
[Black "Ulrich, Gert"]
[Result "1-0"]
[WhiteElo "2033"]
[BlackElo "1779"]

1. Nf3 d5 2. d4 c5 3. dxc5 e6 4. e4 Bxc5 5. Bb5+ Bd7 6. Bxd7+ Qxd7 7. exd5
Qxd5 8. Qxd5 exd5 9. Nc3 Ne7 10. O-O O-O 11. Nb5 Nbc6 12. Rd1 h6 13. Nbd4 Nxd4
14. Nxd4 Bxd4 15. Rxd4 Rfd8 16. Bf4 Rd7 17. Rad1 Kf8 18. g4 f6 19. Be3 Rad8
20. c4 Ke8 21. Re1 Kf7 22. Red1 Ke8 23. cxd5 Nxd5 24. Re4+ Kf7 25. Bc5 b6
26. Ba3 Ne7 27. Rxe7+ 1-0

[Event "33. Potsdamer Weihnachtsturnier"]
[Site "Potsdam"]
[Date "2008.12.29"]
[Round "5.26"]
[White "Muehlhan, Klaus"]
[Black "Lange, Georg"]
[Result "1-0"]
[WhiteElo "1988"]
[BlackElo "1133"]

1. e4 b6 2. d4 Bb7 3. Bd3 e6 4. Nf3 Be7 5. O-O Nf6 6. Qe2 h6 7. c4 O-O 8. Nc3
d6 9. Rd1 Nbd7 10. Bf4 Re8 11. e5 Nh7 12. Ne4 d5 13. cxd5 Bxd5 14. b3 c5
15. dxc5 Nxc5 16. Nxc5 Bxc5 17. Bc2 Bxf3 18. Qxf3 Ng5 19. Qg4 Qe7 20. h4 Nh7
21. Bxh6 g6 22. h5 Nf8 23. Bg5 Qc7 24. Qe4 gxh5 25. Bf6 Be7 26. Rac1 Qc5
27. Bb1 Qb4 28. Rc4 Qa3 29. Qf3 Bxf6 30. exf6 Ng6 31. Qxh5 1-0

[Event "33. Potsdamer Weihnachtsturnier"]
[Site "Potsdam"]
[Date "2008.12.29"]
[Round "5.27"]
[White "Wiezer, Siegfried"]
[Black "Schlueter, Sabrina"]
[Result "1-0"]
[WhiteElo "2030"]
[BlackElo "1758"]

1. Nf3 d5 2. b4 c6 3. e3 Bg4 4. h3 Bh5 5. c4 e6 6. a3 Nf6 7. d4 Nbd7 8. Nbd2
Bd6 9. Bb2 Ne4 10. Be2 Nxd2 11. Qxd2 dxc4 12. Bxc4 Nf6 13. Bd3 Bxf3 14. gxf3
Nd5 15. Ke2 Qe7 16. b5 e5 17. dxe5 Bxe5 18. Kf1 c5 19. Bc4 Bxb2 20. Qxb2 Nf6
21. Bd3 O-O 22. Rg1 Rad8 23. Rd1 Qe6 24. Ke2 g6 25. h4 Nh5 26. Rg4 Nf6 27. Rg5
Nd5 28. Be4 Nf6 29. Re5 Qc4+ 30. Bd3 Qxh4 31. Rxc5 Rd7 32. Rc4 Qg5 33. Rd4 Rfd8
34. Bc4 Qc5 35. Rc1 Qe7 36. Rcd1 Qc5 37. Rc1 Qe7 38. Rxd7 Rxd7 39. Bd3 Qd8
40. Rd1 b6 41. Qb3 Kg7 42. Rc1 Rc7 43. Rc6 Rd7 44. Qc3 Rd6 45. e4 Rxc6 46. bxc6
Qc7 47. Bb5 h5 48. Qd4 a6 49. e5 Ng8 50. Qd6 1-0

[Event "33. Potsdamer Weihnachtsturnier"]
[Site "Potsdam"]
[Date "2008.12.29"]
[Round "5.28"]
[White "Mueller, Elke"]
[Black "Toth, Hans-Juergen"]
[Result "0-1"]
[WhiteElo "2021"]
[BlackElo "1701"]

1. Nf3 e6 2. b3 d5 3. Bb2 Nf6 4. e3 Be7 5. c4 O-O 6. Nc3 c6 7. Rc1 Qa5 8. Bd3
Ba3 9. Qc2 Bxb2 10. Qxb2 Nbd7 11. Bb1 Re8 12. O-O Qc7 13. h3 Rb8 14. cxd5 exd5
15. Nb5 Qb6 16. Nd6 Re6 17. Nf5 h6 18. N3d4 Re8 19. f4 c5 20. Nf3 Nf8 21. Nxh6+
gxh6 22. Ne5 Ne4 23. Rf3 Ng6 24. d3 Nxe5 25. fxe5 Qc7 26. dxe4 Qxe5 27. Qf2
dxe4 28. Rf1 0-1

[Event "33. Potsdamer Weihnachtsturnier"]
[Site "Potsdam"]
[Date "2008.12.29"]
[Round "5.29"]
[White "Klemm, David"]
[Black "Bach, Markus"]
[Result "1/2-1/2"]
[WhiteElo "1745"]
[BlackElo "1959"]

1. e4 e5 2. Nf3 Nc6 3. Bc4 Bc5 4. Nc3 d6 5. d3 Nf6 6. Bg5 h6 7. Be3 Bb6 8. Qd2
Be6 9. Bb3 d5 10. exd5 Nxd5 11. Nxd5 Bxd5 12. Bxd5 Qxd5 13. O-O O-O-O 14. Bxb6
axb6 15. Qc3 h5 16. Qb3 Qd7 17. Rfe1 f6 18. a4 Qd5 19. Qxd5 Rxd5 20. Re4 Rhd8
21. Rae1 g5 22. g4 h4 23. h3 Nd4 24. Nxd4 Rxd4 25. Kg2 c5 26. Kf3 Rxe4 27. Rxe4
Kd7 28. b4 Kc6 29. a5 bxa5 30. bxa5 Kd5 31. Ra4 Ra8 32. Ke3 Ra6 33. c4+ Kc6
34. Kd2 b6 35. Kc3 Rxa5 36. Rxa5 bxa5 37. Kb3 f5 38. f3 fxg4 39. fxg4 Kb6
40. Ka4 1/2-1/2

[Event "33. Potsdamer Weihnachtsturnier"]
[Site "Potsdam"]
[Date "2008.12.29"]
[Round "5.30"]
[White "Geike, Eberhard"]
[Black "Segerberg, Tomas"]
[Result "0-1"]
[WhiteElo "1714"]
[BlackElo "1927"]

1. e4 e6 2. d4 d5 3. Bd3 c5 4. c3 dxe4 5. Bxe4 Nf6 6. Bc2 cxd4 7. cxd4 Bd7
8. Nf3 Bc6 9. O-O Be7 10. Nc3 Nbd7 11. Bg5 h6 12. Bf4 Nd5 13. Be3 Rc8 14. Ne4
O-O 15. Rc1 Qb6 16. b3 Bb5 17. Bd3 Nxe3 18. fxe3 Rxc1 19. Qxc1 Bxd3 0-1

[Event "33. Potsdamer Weihnachtsturnier"]
[Site "Potsdam"]
[Date "2008.12.29"]
[Round "5.31"]
[White "Brandt, Fred"]
[Black "Steppan, Siegfried"]
[Result "1-0"]
[WhiteElo "1917"]
[BlackElo "1586"]

1. d4 Nf6 2. Nf3 g6 3. e3 Bg7 4. Bd3 d6 5. Nbd2 O-O 6. O-O Nbd7 7. c3 c5 8. e4
cxd4 9. cxd4 a6 10. Nb3 b6 11. Be3 Bb7 12. d5 Ng4 13. Bd4 Bxd4 14. Nbxd4 Nge5
15. Rc1 Nxd3 16. Qxd3 Nc5 17. Qe3 Kg7 18. Ng5 h6 19. Nh3 e5 20. dxe6 Nxe6
21. Nxe6+ fxe6 22. Nf4 Qd7 23. Rc7 1-0

[Event "33. Potsdamer Weihnachtsturnier"]
[Site "Potsdam"]
[Date "2008.12.29"]
[Round "5.32"]
[White "Schrodt, Horst"]
[Black "Lenz, Tobias"]
[Result "0-1"]
[WhiteElo "1680"]
[BlackElo "1915"]

1. d4 e6 2. c4 d5 3. Nc3 c6 4. Nf3 dxc4 5. e4 b5 6. a4 Bb4 7. Bd2 Bxc3 8. Bxc3
Nf6 9. e5 Nd5 10. axb5 cxb5 11. Ba5 Qd7 12. g3 Nc6 13. Bg2 Bb7 14. O-O Nxa5
15. Rxa5 O-O 16. Qc2 a6 17. Ng5 g6 18. Ne4 Qc7 19. Rfa1 Nb4 20. Qd2 Bxe4
21. Bxe4 Nd5 22. Rxa6 Rxa6 23. Rxa6 c3 24. bxc3 Qxc3 25. Qxc3 Nxc3 26. Bd3 Rb8
27. Ra3 b4 28. Rb3 Na2 29. Be4 Nc1 30. Rb2 b3 31. d5 Rb4 32. f3 Ra4 33. d6 Kf8
34. Rd2 Ra2 35. Rd1 Ne2+ 36. Kf1 Ke8 37. Bd3 b2 38. Bb1 Nc3 39. Bxa2 Nxd1
40. Bb1 Nc3 41. Bd3 b1=Q+ 42. Bxb1 Nxb1 43. Kf2 Kd7 44. h4 Nc3 45. f4 Ne4+
46. Kf3 Nc5 47. Kg4 h6 48. h5 Kc6 49. hxg6 fxg6 50. Kh4 Kd5 51. g4 Ke4 52. g5
h5 53. f5 Kxf5 0-1